Overseas manufacturing investment and the balance of payments /

Guardat en:
Dades bibliogràfiques
Autor principal: Hufbauer, Gary Clyde
Altres autors: Adler, F. Michael
Format: Llibre
Idioma:English
Publicat: Washington, U.S. : Treasury Department , [1968].
Col·lecció:Tax policy research study ; no.1
Matèries:
LEADER 00928nam a2200241 i 4500
001 c000251132
003 CARM
005 00000000000000.0
008 840313s1968 xxu 0 eng d
019 1 |a 12168  |5 LACONCORD2021 
035 |a (OCoLC)453323  |5 LACONCORD2021 
082 0 4 |a 382.3 
100 1 |a Hufbauer, Gary Clyde. 
245 1 0 |a Overseas manufacturing investment and the balance of payments /  |c [by] G.C. Hufbauer and F.M. Adler. 
260 |a Washington, U.S. :  |b Treasury Department ,  |c [1968]. 
300 |a 92 p. 
440 0 |a Tax policy research study ;  |v no.1 
650 0 |a Balance of payments  |z United States. 
650 0 |a Investments, American. 
700 1 |a Adler, F. Michael. 
852 8 |b CARM  |h A1:AQ17C0  |i F01819  |p 0368324  |f BK 
999 f f |i 8b6ef356-8566-51a4-b675-fc382ab9e5d7  |s 11bbd28b-550c-569e-91f4-87b54d17e06a 
952 f f |p Can circulate  |a CAVAL  |b CAVAL  |c CAVAL  |d CARM 1 Store  |e F01819  |f A1:AQ17C0  |h Other scheme  |i book  |m 0368324